Evolution and development of water and soil conservation ecosystems- from ancient dry zone forest garden to modern Jaffna market garden (Record no. 4483)
[ view plain ]
| 000 -LEADER | |
|---|---|
| fixed length control field | 00815nam a22002297a 4500 |
| 003 - CONTROL NUMBER IDENTIFIER | |
| control field | LK-CoMWRAF |
| 005 - DATE AND TIME OF LATEST TRANSACTION | |
| control field | 20231215121042.0 |
| 008 - FIXED-LENGTH DATA ELEMENTS--GENERAL INFORMATION | |
| fixed length control field | 231215b2001 |||||||| |||| 00| 0 eng d |
| 020 ## - INTERNATIONAL STANDARD BOOK NUMBER | |
| International Standard Book Number | 9559760505 |
| 040 ## - CATALOGING SOURCE | |
| Original cataloging agency | LK-CoMWRAF |
| Modifying agency | LK-CoMWRAF |
| Description conventions | LK-CoMWRAF |
| 041 ## - LANGUAGE CODE | |
| Language code of text/sound track or separate title | English |
| 082 ## - DEWEY DECIMAL CLASSIFICATION NUMBER | |
| Classification number | 631.45 |
| Item number | MEN |
| 942 ## - ADDED ENTRY ELEMENTS (KOHA) | |
| Koha item type | Books |
| 100 ## - MAIN ENTRY--PERSONAL NAME | |
| Personal name | Mendis , D.L.O. |
| 245 ## - TITLE STATEMENT | |
| Title | Evolution and development of water and soil conservation ecosystems- from ancient dry zone forest garden to modern Jaffna market garden |
| 246 ## - VARYING FORM OF TITLE | |
| Title proper/short title | 52nd annual sessions of the Sri Lanka association for the advancement of science |
| 260 ## - PUBLICATION, DISTRIBUTION, ETC. (IMPRINT) | |
| Place of publication, distribution, etc. | Ratmalana: |
| Name of publisher, distributor, etc. | Sri Lanka Pugwash group, |
| Date of publication, distribution, etc. | 2001 |
| 300 ## - PHYSICAL DESCRIPTION | |
| Extent | 92 p.; 21 cm. Ill. maps |
| 490 ## - SERIES STATEMENT | |
| Series statement | seminar aesthetics in science |
| 650 ## - SUBJECT ADDED ENTRY--TOPICAL TERM | |
| Topical term or geographic name as entry element | WATER AND SOIL CONSERVATION |
| 650 ## - SUBJECT ADDED ENTRY--TOPICAL TERM | |
| Topical term or geographic name as entry element | Eco systems- Sri Lanka |
| Withdrawn status | Lost status | Damaged status | Not for loan | Permanent Location | Current Location | Date acquired | Full call number | Barcode | Koha item type |
|---|---|---|---|---|---|---|---|---|---|
| Resource center, Muslim Women's Research And Action Forum | Resource center, Muslim Women's Research And Action Forum | 2023-12-15 | 631.45 MEN | RAF4562 | Books |

